000 00403nam a2200169Ia 4500
001 4078
003 IN-NITTTR
005 20251114232955.0
008 251113s9999||||xx |||||||||||||| ||eng||
040 _beng
040 _cIN-NITTTR
041 _aeng
082 _a510.0212 S34B
100 _aSrinath, L. S.
245 0 _aBasic Engineering and Mathematical Tables. /
_cSrinath, L. S.
942 _2ddc
_cBK
999 _c6584
_d6584